000 01169cam a2200265 4500
001 ABS68834
008 050322n2005 000 0 eng u
035 _a(Sirsi) u129129
100 _aSiebrits, J.
245 3 _aAn overview of the national housing and mortgage markets in the UK
260 _c2005
490 _aCML Housing Finance
_v(01/2005) February 2005, (17)
520 _aProvides an overview of the housing and mortgage markets in England, Wales, Scotland and Northern Ireland for 2004. Draws out the significant differences between these markets but also brings together a wide range of information including demographics, tenure patterns, house prices and economic indicators to facilitate cross-country comparisons. Charts. References. View the article at www.cml.org.uk.
590 _aABS
650 _aHOUSE PRICES
650 _aHOUSING POLICY
650 _aENGLAND
650 _aWALES
650 _aSCOTLAND
650 _aNORTHERN IRELAND
690 _aHOUSING-FINANCE
700 _aSmith, J.
856 _uhttps://www.cml.org.uk/cml/filegrab/pdf_pub_hf_01-2005.pdf.pdf?ref=3261
_zView the article on the CML website...
942 _n0
999 _c74963
_d74963